000 00523nam a22001817a 4500
003 KOHA_MİRAKIL
005 20251221123509.0
008 251221b tu ||||| |||| 00| 0 tur d
020 _a9752707289
040 _aTR-AnABB
_btur
_cTR-AnABB
041 _atur
082 _a382.09561023
_bMIL 2005
245 1 0 _aMilli Mücadele Döneminde Dış Ticaret 1920-1923 /
260 _aAnkara :
_bTürk Dış Ticaret Vakfı Yayınları,
_c2005
300 _a171 sayfa ;
_c21 cm
650 0 4 _aDış Ticaret
942 _2ddc
_cBK
999 _c9819
_d9819
900 _bGizem YORULMAZ